Poems, 1912-1944 /

Bibliographic Details
Main Author: O'Neill, Eugene, 1888-1953
Format: Book
Language:English
Published: New Haven : Ticknor & Fields, 1980
Subjects:

MARC

Tag First Indicator Second Indicator Subfields
LEADER 00000pam a2200000 i 4500
001 in00000665178
005 20151015080142.0
008 791206c19801979ctu 00110 eng
010 |a  79028066  
020 |a 0899190073 :  |c $9.95 
035 |a (OCoLC)05831232 
035 |9 ACX5974AM 
040 |a DLC  |c DLC  |d TXA  |d UtOrBLW 
049 |a TXAM  |c [982511] 
050 0 0 |a PS3529.N5  |b A17 1980 
082 0 |a 811/.52  |2 19 
100 1 |a O'Neill, Eugene,  |d 1888-1953. 
245 1 0 |a Poems, 1912-1944 /  |c Eugene O'Neill ; edited by Donald Gallup. 
264 1 |a New Haven :  |b Ticknor & Fields,  |c 1980 
264 4 |c ©1979 
300 |a vii, 119 pages ;  |c 22 cm. 
336 |a text  |b txt  |2 rdacontent 
337 |a unmediated  |b n  |2 rdamedia 
338 |a volume  |b nc  |2 rdacarrier 
500 |a Includes index. 
600 1 0 |a Gallup, Donald,  |d 1913-2000. 
999 |a MARS 
999 f f |s 3850a9d6-75a1-39ac-b301-50b23340cabc  |i 36332c53-d5ac-3ccf-8534-5f799b8dffac  |t 0 
952 f f |p normal  |a Texas A&M University  |b College Station  |c Sterling C. Evans Library  |d Evans: Library Stacks  |t 0  |e PS3529.N5 A17 1980  |h Library of Congress classification  |i unmediated -- volume  |m A14804103174 
998 f f |a PS3529.N5 A17 1980  |t 0  |l Evans: Library Stacks